Growing Cities in South Africa - Statistics

General Stats
  • This quiz has been taken 8 times
  • The average score is 6 of 10
Answer Stats
Population Population Gained City % Correct
3,430,992 752,585 Cape Town
100%
2,786,046 298,884 Durban
100%
7,860,781 1,945,862 Johannesburg
100%
1,763,336 601,479 Pretoria
100%
876,436 98,295 Port Elizabeth
86%
464,591 100,243 Bloemfontein
71%
227,407 94,061 Polokwane
14%
311,901 137,024 Rustenburg
14%
728,063 127,296 Soshanguve
0%
311,657 112,189 Witbank
0%
No matching quizzes found
Score Distribution
Percent of People with Each Score
Percentile by Number Answered
Your Score History
You have not taken this quiz